Politická a ekonomická integrácia na africkom kontinente bakalárska práca

Uložené v:
Podrobná bibliografia
Hlavný autor: Belesová, Katarína
Korporativný autor: Fakulta medzinárodných vzťahov EU. Katedra medzinárodných ekonomických vzťahov a hospodárskej diplomacie
Ďalší autori: Ščepán, Michal
Médium: Kniha
Jazyk:Slovak
Vydavateľské údaje: Bratislava 2009
Tagy: Pridať tag
Žiadne tagy, Buďte prvý, kto otaguje tento záznam!

MARC

LEADER 00000nam$a2200000$$$4500
001 0099721
005 20240318140904.5
041 0 |a slo 
044 |a SK 
245 1 0 |a Politická a ekonomická integrácia na africkom kontinente  |b bakalárska práca  |c Katarína Belesová ; škol. Michal Ščepán 
264 1 |a Bratislava  |c 2009 
300 |a 46 s. 
100 1 |a Belesová, Katarína 
700 1 |a Ščepán, Michal 
710 2 |a Fakulta medzinárodných vzťahov EU. Katedra medzinárodných ekonomických vzťahov a hospodárskej diplomacie